000 00300 a2200133 4500
000 nam a22 7a 4500
100 _aSudip Misra
110 _aSudip Misra
245 _aIntroduction to IoT
250 _alatest edition
260 _bcambridge
_c2025
264 _bcambridge
_c2025
942 _cBK
999 _c397225
_d397225